রাঢ়ের সংস্কৃতি ও ধর্মঠাকুর / (Record no. 40498)
[ view plain ]
| 000 -LEADER | |
|---|---|
| fixed length control field | 01009nam a2200253 a 4500 |
| 001 - CONTROL NUMBER | |
| control field | 40498 |
| 003 - CONTROL NUMBER IDENTIFIER | |
| rucl marc code | BD-RjUL |
| 005 - DATE AND TIME OF LATEST TRANSACTION | |
| control field | 20211209053229.0 |
| 008 - FIXED-LENGTH DATA ELEMENTS--GENERAL INFORMATION | |
| fixed length control field | 160503m20011972ii a|||| |||| 001 0 ben d |
| 020 ## - INTERNATIONAL STANDARD BOOK NUMBER | |
| Terms of availability | : IRs.200.00 |
| 035 ## - SYSTEM CONTROL NUMBER | |
| System control number | (BD-RjUL)40613 |
| 040 ## - CATALOGING SOURCE | |
| Original cataloging agency | BD-RjUL |
| Language of cataloging | ben |
| Transcribing agency | BD-RjUL |
| 041 ## - LANGUAGE CODE | |
| Language code of text/sound track or separate title | ben |
| 082 ## - DEWEY DECIMAL CLASSIFICATION NUMBER | |
| Edition number | 22 |
| Classification number | 294.5090511 |
| Author mark and year | MIR 2001 |
| 100 ## - MAIN ENTRY--PERSONAL NAME | |
| Personal name | মিত্র, অমলেন্দু |
| 9 (RLIN) | 124730 |
| 245 ## - TITLE STATEMENT | |
| Title | রাঢ়ের সংস্কৃতি ও ধর্মঠাকুর / |
| Statement of responsibility, etc. | অমলেন্দু মিত্র |
| 260 ## - PUBLICATION, DISTRIBUTION, ETC. (IMPRINT) | |
| Place of publication, distribution, etc. | কলকাতা : |
| Name of publisher, distributor, etc. | সুবর্ণরেখা, |
| Date of publication, distribution, etc. | ২০০১. |
| 300 ## - PHYSICAL DESCRIPTION | |
| Pagination | [১০], ৩৩৪ পৃ. : |
| Illustrations | চিত্র ; |
| Size | ২১ সেমি. |
| 500 ## - GENERAL NOTE | |
| General note | নির্ঘন্ট সংযুক্ত |
| 504 ## - BIBLIOGRAPHY, ETC. NOTE | |
| Bibliography, etc | পরিশিষ্ট সংযুক্ত |
| 650 ## - SUBJECT ADDED ENTRY--TOPICAL TERM | |
| Topical term or geographic name as entry element | হিন্দুধর্ম |
| Form subdivision | রীতি ও অনুশীলন |
| 9 (RLIN) | 124835 |
| Topical term or geographic name as entry element | Hinduism |
| Form subdivision | Customs and practice |
| 9 (RLIN) | 124836 |
| 942 ## - ADDED ENTRY ELEMENTS (KOHA) | |
| Source of classification or shelving scheme | Dewey Decimal Classification |
| Koha item type | Books |
| Lost status | Source of classification or shelving scheme | Damaged status | Not for loan | Collection code | Permanent Location | Current Location | Shelving location | Date acquired | Source of acquisition | Cost, normal purchase price | Total Checkouts | Full call number | Date last seen | Copy number | Koha item type |
|---|---|---|---|---|---|---|---|---|---|---|---|---|---|---|---|
| Dewey Decimal Classification | Not For Loan | Non-fiction | Central Library, University of Rajshahi | Central Library, University of Rajshahi | Reading Room | 06/07/2008 | Praragon enterprise,Dhaka | 200.00 | B 294.5090511 MIR 2001 | 04/05/2016 | C-1 | Books | |||
| Dewey Decimal Classification | Non-fiction | Central Library, University of Rajshahi | Central Library, University of Rajshahi | 06/07/2008 | Praragon enterprise,Dhaka | 200.00 | B 294.5090511 MIR 2001 | 04/05/2016 | C-2 | Books | |||||
| Dewey Decimal Classification | Non-fiction | Central Library, University of Rajshahi | Central Library, University of Rajshahi | 06/07/2008 | Praragon enterprise,Dhaka | 200.00 | B 294.5090511 MIR 2001 | 04/05/2016 | C-3 | Books | |||||
| Dewey Decimal Classification | Non-fiction | Central Library, University of Rajshahi | Central Library, University of Rajshahi | 06/07/2008 | Praragon enterprise,Dhaka | 200.00 | B 294.5090511 MIR 2001 | 04/05/2016 | C-4 | Books | |||||
| Dewey Decimal Classification | Non-fiction | Central Library, University of Rajshahi | Central Library, University of Rajshahi | 06/07/2008 | Paragon Enterprise Ltd.Dhaka. | 200.00 | B 294.5090511 MIR 2001 | 10/12/2016 | C-5 | Books |